Geografía económica de Chile

Guardat en:
Dades bibliogràfiques
Autor corporatiu: CORFO (Autor), Fundación Pedro Aguirre Cerda (Autor)
Format: Llibre
Idioma:espanyol
Publicat: Santiago CORFO 1962
Matèries:
Etiquetes: Afegir etiqueta
Sense etiquetes, Sigues el primer a etiquetar aquest registre!

MARC

LEADER 00000nam a2200000 a 4500
001 UCK1488
003 CL-VaPUC
008 041112e19620000CL |||||||||||||||||spa|d
082 0 4 |a 330.983  |b COR  |2 21 
110 2 |a CORFO  |e author  |9 489394 
710 2 |a Fundación Pedro Aguirre Cerda  |e author  |9 489395 
245 1 0 |a Geografía económica de Chile 
300 |a v 
942 |c BK 
945 |d 20041112 00:00:00  |a cmena 
260 |a Santiago  |b CORFO  |c 1962 
650 0 |a Geografía económica   |9 267757 
650 0 |a Desarrollo económico y social   |9 256320 
650 0 |a Industrialización  |9 263687 
583 |a last modification  |c 20131206 06:59:05  |k Rodrigo Vera 
999 |c 311457  |d 311455 
952 |0 0  |1 0  |4 0  |6 330_983000000000000_COR_1962  |7 0  |8 A  |9 380840  |a BIBING  |b BIBING  |d 2019-11-21  |h v.4  |i 4041402  |o 330.983 COR 1962  |p 4041402  |r 2025-01-20  |w 2019-11-21  |y BK  |k GEO